| 000 | 00449 a2200169 4500 | ||
|---|---|---|---|
| 020 | _a9780618641628 | ||
| 022 | _a0618641629 | ||
| 082 | _a658.4012 | ||
| 090 |
_c6508 _d6508 |
||
| 100 | _aHill,Charles W.L. | ||
| 245 |
_aStrategic Management. _bAn Integrated Approach. _cCharles W.L.Hill |
||
| 250 | _a7th. | ||
| 260 |
_aNew York. _bHoughton Mifflin Company. _c2007. |
||
| 300 | _a519p. | ||
| 500 | _aHard cover | ||
| 942 |
_aNBS _cBK _k658.4012 HIL |
||
| 999 |
_c348868 _d348868 |
||